Datum a čas kvízu
36.5
Celkem bodů
Celkový počet nahraných bodů na tomto kvízu bez doplňovacích otázek.
3.
Pořadí na kvízu
Konečné umístění týmu na tomto kvízu.
Zaznamenané odpovědi
| # | Otázka | Odpověď | Body | Výsledky |
|---|---|---|---|---|
| 1. | Portréty prvních dam jsou oblí... | o Livii Klausové | 1 | |
| 2. | Britské bankovky budou mít nov... | C | 1 | |
| 3. | Který pořad České televize osl... | Branky, body, vteřiny | 1 | |
| 4. | Která společnost patřící do na... | Orlen Unipetrol | 0 | |
| 5. | V pátek se Česko po 24 letech... | Carina Edlingerová; (para)biatlon | 0.5 | |
| 6. | Nejrozšířenějším „národním spo... | D | 1 | |
| 7. | Za národní sport lze považovat... | národní házená (česká házená) | 1 | |
| 8. | Podle anglické Wikipedie exist... | o Kanadě | 1 | |
| 9. | U uzákoněných národních sportů... | polo; basketbal | 0 | |
| 10. | I medailové úspěchy z olympijs... | D | 1 |